000 00661nam a2200229Ia 4500
003 OSt
005 20220926000853.0
006 a|||||r|||| 00| 0
007 ta
008 220923b |||||||| |||| 00| 0 eng d
037 _cGeneral Book
040 _aRTL
_cRTL
_beng
041 _2eng
_aeng
082 _azNj, L3
100 _aBlackett P M S and others
_9303130
245 0 _aJawaharlal nehru memorial lecture, 1967-72
260 _a New Delhi
_bJawahar Lal Nehru Memorial Fund India
_c1973
300 _a220p.
_ccm.
650 _aNehruana
_9240287
942 _hzNj, L3
_cGB
_2CC
999 _c599941
_d599941